[Event "GER-ch 89th"]
[Site "Dresden"]
[Date "2018.08.03"]
[Round "1"]
[White "Fischer, Sebastian"]
[Black "Kvetny, Mark"]
[Result "0-1"]
[WhiteElo "2292"]
[BlackElo "2421"]
[EventDate "2018.08.03"]
[PlyCount "80"]

1. d4 Nf6 2. Nf3 c5 3. c3 d5 4. Bf4 Nc6 5. e3 Qb6 6. b3 cxd4 7. exd4 Bf5 8. Bd3 Bxd3 9. Qxd3 e6 10. Nbd2 Nh5 11. Bg3 Nxg3 12. hxg3 g6 13. Ng5 h6 14. f4 Bg7 15. Ngf3 a5 16. a4 Qa6 17. Qxa6 Rxa6 18. Ke2 h5 19. Ne5 Ne7 20. Kf3 Bxe5 21. fxe5 Rc6 22. Rac1 Kd7 23. Ke2 Nf5 24. Rh3 Nxd4+ 25. Kd3 Nf5 26. g4 Nh6 27. gxh5 Ng4 28. Kd4 gxh5 29. Rch1 Rhc8 30. Rf1 f6 31. Nf3 Rxc3 32. exf6 Kd6 33. Ne5 Rc2 34. f7 Rd2+ 35. Rd3 Rxd3+ 36. Nxd3 Rf8 37. Rh1 e5+ 38. Kc3 Nf6 39. Nf2 Rxf7 40. Rh4 Rg7 0-1

[Event "GER-ch 89th"]
[Site "Dresden"]
[Date "2018.08.03"]
[Round "1"]
[White "Gaede, Derek"]
[Black "Buhmann, Rainer"]
[Result "1/2-1/2"]
[WhiteElo "2298"]
[BlackElo "2581"]
[EventDate "2018.08.03"]
[PlyCount "82"]

1. d4 Nf6 2. Nf3 d5 3. Bf4 c5 4. e3 Nc6 5. Nbd2 e6 6. c3 cxd4 7. exd4 Nh5 8. Be3 Bd6 9. Ne5 g6 10. g4 Ng7 11. h4 f6 12. Nxc6 bxc6 13. h5 gxh5 14. gxh5 Nf5 15. Rg1 Qe7 16. h6 Bd7 17. Bd3 Kd8 18. Qf3 Nxe3 19. Rg7 Qf8 20. fxe3 f5 21. O-O-O Qf6 22. Qh5 Be8 23. Qh3 a5 24. Nf3 Kc8 25. Rdg1 Bg6 26. Nh4 Be8 27. Ng2 Kb8 28. Kb1 Ra7 29. Nf4 Bf7 30. c4 Bxf4 31. exf4 Qxd4 32. cxd5 cxd5 33. Bc2 Bg6 34. Qb3+ Ka8 35. Rd1 Qc5 36. Bd3 Rc8 37. a4 Rac7 38. Ka2 Be8 39. Rdg1 Bg6 40. Re1 Rb8 41. Bb5 Rb6 1/2-1/2

[Event "GER-ch 89th"]
[Site "Dresden"]
[Date "2018.08.03"]
[Round "1"]
[White "Poetsch, Hagen"]
[Black "Syrov, Arkadi"]
[Result "1/2-1/2"]
[WhiteElo "2513"]
[BlackElo "2295"]
[EventDate "2018.08.03"]
[PlyCount "119"]

1. Nf3 d5 2. g3 c5 3. Bg2 Nc6 4. d4 Nf6 5. O-O e6 6. c4 Be7 7. cxd5 Nxd5 8. dxc5 Bxc5 9. Qc2 Bb6 10. Rd1 Qe7 11. Nc3 Nxc3 12. Qxc3 O-O 13. Bf4 Rd8 14. Rxd8+ Qxd8 15. Qc2 f6 16. Rd1 Qe8 17. Qb3 Kh8 18. Be3 Bxe3 19. Qxe3 e5 20. Nd2 Be6 21. Nb3 Rd8 22. Rxd8 Qxd8 23. Bxc6 bxc6 24. Kg2 Qd7 25. f3 h6 26. Qd2 Qxd2 27. Nxd2 Kg8 28. Kf2 Kf7 29. Ke3 Ke7 30. Kd3 c5 31. a3 Kd6 32. f4 exf4 33. gxf4 Bd5 34. e4 Bf7 35. Ke3 g5 36. e5+ fxe5 37. fxg5 hxg5 38. Ne4+ Kd5 39. Nxg5 Bg6 40. Nf3 a5 41. Nd2 a4 42. h4 e4 43. Nf1 Kc4 44. Nd2+ Kd5 45. b3 axb3 46. Nxb3 c4 47. Nd4 Be8 48. Ne2 Ke5 49. Nc3 Bc6 50. h5 Kf5 51. Kd4 Kg5 52. Nxe4+ Kxh5 53. Nc3 Kg6 54. Kxc4 Kf6 55. Kc5 Be8 56. Kd6 Kf5 57. Nd5 Ba4 58. Nb6 Bd1 59. a4 Bxa4 60. Nxa4 1/2-1/2

[Event "GER-ch 89th"]
[Site "Dresden"]
[Date "2018.08.03"]
[Round "1"]
[White "Reuker, Jari"]
[Black "Svane, Frederik"]
[Result "1-0"]
[WhiteElo "2404"]
[BlackElo "2292"]
[EventDate "2018.08.03"]
[PlyCount "65"]

1. e4 c5 2. Nf3 e6 3. d4 cxd4 4. Nxd4 a6 5. c4 Nf6 6. Nc3 Qc7 7. Be2 b6 8. O-O Bb7 9. Qd3 d6 10. f4 Nbd7 11. b4 Rc8 12. Bb2 Be7 13. Rac1 Qb8 14. f5 e5 15. Nc2 h6 16. Ne3 O-O 17. a3 Rfd8 18. Rfd1 Nf8 19. Bf3 N8h7 20. h4 a5 21. g3 axb4 22. axb4 d5 23. cxd5 Bxb4 24. Kg2 Nd7 25. Qb5 Bf8 26. Na4 Qa7 27. Rxc8 Bxc8 28. Nc3 Ba6 29. Qb3 Nc5 30. Qc2 b5 31. Na2 Rc8 32. Ng4 Na4 33. Qd2 1-0

[Event "GER-ch 89th"]
[Site "Dresden"]
[Date "2018.08.04"]
[Round "2"]
[White "Kvetny, Mark"]
[Black "Mueller, Nick"]
[Result "1-0"]
[WhiteElo "2421"]
[BlackElo "2313"]
[EventDate "2018.08.03"]
[PlyCount "97"]

1. c4 c6 2. Nf3 d5 3. e3 Nf6 4. Nc3 a6 5. Qc2 g6 6. d4 Bg7 7. Be2 O-O 8. O-O Bg4 9. cxd5 cxd5 10. Qb3 Ra7 11. h3 Bxf3 12. Bxf3 e6 13. Bd2 Nc6 14. Na4 e5 15. dxe5 Nxe5 16. Be2 b5 17. Nc3 Nc4 18. Rfd1 Nxd2 19. Rxd2 Rd7 20. Rad1 Qa5 21. Bf3 Rfd8 22. Nxd5 Nxd5 23. Rxd5 Qc7 24. g3 Rxd5 25. Bxd5 Bf6 26. Kg2 Kg7 27. e4 Rd7 28. Rd2 Qc5 29. Qc2 Qxc2 30. Rxc2 Be5 31. Rc6 Rd6 32. Rc2 g5 33. Kf3 h5 34. Ke3 Rf6 35. b3 Bb8 36. Kd3 Ba7 37. f4 gxf4 38. e5 Rg6 39. gxf4 Bb6 40. Ke4 h4 41. Rc8 Rg3 42. Rb8 Bc5 43. Rb7 Rxh3 44. Rxf7+ Kh6 45. Rc7 Rc3 46. Kf5 Bb4 47. Rxc3 Bxc3 48. Kf6 h3 49. Kf7 1-0

[Event "GER-ch 89th"]
[Site "Dresden"]
[Date "2018.08.05"]
[Round "3"]
[White "Adiyaman, Rene"]
[Black "Heimrath, Reiner"]
[Result "1/2-1/2"]
[WhiteElo "2097"]
[BlackElo "2200"]
[EventDate "2018.08.03"]
[PlyCount "96"]

1. e4 d6 2. d4 Nf6 3. Nc3 e5 4. Nf3 exd4 5. Nxd4 Be7 6. Be2 O-O 7. O-O Re8 8. f4 Bf8 9. Bf3 Nbd7 10. Nde2 c6 11. Kh1 a5 12. g4 Nc5 13. Ng3 d5 14. exd5 cxd5 15. Nxd5 Nxg4 16. Ne3 Qxd1 17. Nxd1 Ra6 18. Kg2 Rd6 19. h3 Nf6 20. Nc3 Bd7 21. f5 Bc6 22. Bf4 Bxf3+ 23. Kxf3 Rb6 24. b3 Rc6 25. Nb5 Nd5 26. Bd2 Nb4 27. Nd4 Rd6 28. Be3 Nd5 29. Bf2 Nc3 30. Rfe1 Rc8 31. Nge2 N3e4 32. Be3 Be7 33. Nb5 Rd5 34. Ned4 Bh4 35. Re2 Bf6 36. c4 Rdd8 37. Rg1 Nd6 38. Na7 Ra8 39. Nab5 Nd3 40. Nxd6 Rxd6 41. Nb5 Ne5+ 42. Kf4 Rd7 43. Rd2 Nd3+ 44. Kf3 Re8 45. Ke2 Nf4+ 46. Kf3 Nd3 47. Ke2 Nc1+ 48. Kf3 Nd3 1/2-1/2

[Event "GER-ch 89th"]
[Site "Dresden"]
[Date "2018.08.05"]
[Round "3"]
[White "Armbrust, Florian"]
[Black "Colpe, Malte"]
[Result "1-0"]
[WhiteElo "2300"]
[BlackElo "2384"]
[EventDate "2018.08.03"]
[PlyCount "103"]

1. Nf3 d5 2. d4 e6 3. c4 a6 4. cxd5 exd5 5. Nc3 c6 6. Bf4 Bd6 7. Bxd6 Qxd6 8. e3 Nf6 9. Qc2 Nbd7 10. Bd3 O-O 11. O-O Re8 12. Rac1 g6 13. Rfe1 Nf8 14. Na4 Ne4 15. Nb6 Rb8 16. Nxc8 Rbxc8 17. Bxe4 Rxe4 18. Ne5 f6 19. f3 Rh4 20. Ng4 Nd7 21. e4 dxe4 22. Rxe4 f5 23. Qc4+ Kh8 24. Re6 Qf8 25. g3 Rh5 26. Ne5 Nxe5 27. Rxe5 f4 28. Qe6 fxg3 29. Rxh5 gxh5 30. Qe5+ Qg7 31. hxg3 Rf8 32. Kf2 Kg8 33. Rh1 Qg6 34. Rxh5 h6 35. Rh4 Kh7 36. Qe4 Rf7 37. Ke3 Qxe4+ 38. fxe4 Rf1 39. Rf4 Rg1 40. Rf7+ Kg6 41. Rxb7 Rxg3+ 42. Kf4 Rg2 43. Rb6 Rf2+ 44. Ke5 h5 45. Rxc6+ Kg5 46. Rxa6 h4 47. Ra8 h3 48. Rh8 h2 49. d5 Rxb2 50. d6 Rxa2 51. d7 Rd2 52. d8=Q+ 1-0

[Event "GER-ch 89th"]
[Site "Dresden"]
[Date "2018.08.05"]
[Round "3"]
[White "Brustkern, Juergen"]
[Black "Heinert, Eugen"]
[Result "0-1"]
[WhiteElo "2219"]
[BlackElo "2146"]
[EventDate "2018.08.03"]
[PlyCount "76"]

1. Nf3 d5 2. c4 e6 3. d4 Nf6 4. Nc3 dxc4 5. e4 Bb4 6. Bxc4 Nxe4 7. O-O Nxc3 8. bxc3 Be7 9. Ne5 O-O 10. Qg4 Nc6 11. Bh6 Bf6 12. Rad1 Ne7 13. Rfe1 c5 14. Bc1 Qc7 15. Bd3 Ng6 16. Qh5 cxd4 17. cxd4 Rd8 18. Be3 Bd7 19. Be4 Ba4 20. Rb1 Rab8 21. Rec1 Qe7 22. g3 b6 23. Rc4 Bxe5 24. dxe5 Qd7 25. Qg5 Rbc8 26. Rd4 Qe8 27. Rbb4 Rxd4 28. Rxd4 h6 29. Qh5 Bc2 30. Bxc2 Rxc2 31. Qd1 Qc6 32. Rd6 Qc4 33. Rd8+ Kh7 34. Rd7 Nxe5 35. Rxa7 Ng4 36. Qd4 Rc1+ 37. Kg2 Qf1+ 38. Kf3 Nxh2+ 0-1

[Event "GER-ch 89th"]
[Site "Dresden"]
[Date "2018.08.05"]
[Round "3"]
[White "Fischer, Sebastian"]
[Black "Proschmann, Tino"]
[Result "1-0"]
[WhiteElo "2292"]
[BlackElo "2092"]
[EventDate "2018.08.03"]
[PlyCount "81"]

1. d4 d5 2. Bf4 c5 3. e3 Nc6 4. c3 Qb6 5. Qb3 c4 6. Qc2 e5 7. dxe5 Bf5 8. Qc1 g5 9. Bg3 h5 10. h3 Bg7 11. Nf3 g4 12. hxg4 hxg4 13. Rxh8 Bxh8 14. Nd4 Nge7 15. Na3 O-O-O 16. Bh4 Re8 17. Bxe7 Nxe7 18. Bxc4 dxc4 19. Nxc4 Qg6 20. Nd6+ Kb8 21. Nxe8 Bxe5 22. Qd2 Bd7 23. Nb3 Qc6 24. Nc5 Qa4 25. Nd6 Be6 26. Ncxb7 Qc6 27. e4 f5 28. Nd8 Qd7 29. Nxe6 Qxe6 30. O-O-O Qxa2 31. Nxf5 Nc6 32. Qd5 Qa1+ 33. Kc2 Nb4+ 34. cxb4 Qxb2+ 35. Kd3 Bf4 36. Qb5+ Ka8 37. Qe8+ Kb7 38. Qf7+ Ka6 39. Qg6+ Kb5 40. Nd4+ Kxb4 41. Nc2+ 1-0

[Event "GER-ch 89th"]
[Site "Dresden"]
[Date "2018.08.05"]
[Round "3"]
[White "Gaede, Derek"]
[Black "Rehberg, Raphael"]
[Result "1-0"]
[WhiteElo "2298"]
[BlackElo "2234"]
[EventDate "2018.08.03"]
[PlyCount "81"]

1. d4 Nf6 2. Nf3 d5 3. Bf4 c5 4. e3 Nc6 5. Nbd2 cxd4 6. exd4 Bf5 7. c3 e6 8. Qb3 Qc8 9. h3 h6 10. Be2 Be7 11. O-O O-O 12. Rfe1 Bd8 13. Ne5 Nxe5 14. Bxe5 Nd7 15. Bd6 Re8 16. c4 Ba5 17. Red1 Nf6 18. Be5 Nd7 19. Bg3 Nf6 20. Be5 Nd7 21. Bh2 Bc7 22. Bxc7 Qxc7 23. cxd5 exd5 24. Qxd5 Bxh3 25. Rac1 Qf4 26. Qf3 Qg5 27. Ne4 Qxg2+ 28. Qxg2 Bxg2 29. Kxg2 Rxe4 30. Bf3 Re6 31. Rc7 Rg6+ 32. Kf1 Rd6 33. Rxb7 Rb8 34. Rxb8+ Nxb8 35. Rc1 Kh7 36. Rc8 Rb6 37. Be4+ g6 38. Rc7 Rxb2 39. Rxf7+ Kh8 40. Rxa7 Rb4 41. Rb7 1-0

[Event "GER-ch 89th"]
[Site "Dresden"]
[Date "2018.08.05"]
[Round "3"]
[White "Gschnitzer, Adrian"]
[Black "Kvetny, Mark"]
[Result "1/2-1/2"]
[WhiteElo "2333"]
[BlackElo "2421"]
[EventDate "2018.08.03"]
[PlyCount "81"]

1. e4 e5 2. Nf3 Nf6 3. Nc3 Nc6 4. d4 exd4 5. Nxd4 Bb4 6. Nxc6 bxc6 7. Bd3 O-O 8. O-O Re8 9. Bg5 h6 10. Bh4 g5 11. Bg3 Bxc3 12. bxc3 Nxe4 13. Bxe4 Rxe4 14. Qh5 d6 15. f4 Bf5 16. fxg5 Bg6 17. Qxh6 Qf8 18. Qh3 Qc8 19. Rae1 Qxh3 20. gxh3 Rae8 21. Rxe4 Rxe4 22. Rb1 Re2 23. Rb7 Rxc2 24. Rxc7 Bf5 25. Kf1 Bxh3+ 26. Ke1 Rxc3 27. Bxd6 Rd3 28. Bc5 Rc3 29. Bd4 Rc4 30. Bf6 Ra4 31. Re7 Kf8 32. Re3 Bf5 33. Rf3 Bg4 34. Rd3 Kg8 35. h4 Kh7 36. Rd6 Kg6 37. Bc3+ Be6 38. Rxc6 Rxh4 39. Ra6 Rh1+ 40. Kf2 Rh2+ 41. Kg1 1/2-1/2

[Event "GER-ch 89th"]
[Site "Dresden"]
[Date "2018.08.05"]
[Round "3"]
[White "Mueller, Nick"]
[Black "Buhmann, Rainer"]
[Result "1/2-1/2"]
[WhiteElo "2313"]
[BlackElo "2581"]
[EventDate "2018.08.03"]
[PlyCount "84"]

1. e4 e5 2. Nf3 Nc6 3. Bb5 a6 4. Ba4 Nf6 5. O-O Be7 6. d3 b5 7. Bb3 d6 8. a3 O-O 9. Nc3 Nb8 10. h3 Nbd7 11. Nd5 Nxd5 12. Bxd5 Rb8 13. Bd2 c5 14. Qe1 Nf6 15. Ba5 Qd7 16. Ba2 Bd8 17. Bxd8 Qxd8 18. b4 cxb4 19. axb4 Nh5 20. Qe3 Nf4 21. h4 Qf6 22. g3 Ne6 23. Kg2 h6 24. Bb3 Qg6 25. Rh1 Bb7 26. h5 Qf6 27. Bd5 Nc7 28. Bxb7 Rxb7 29. Nh4 d5 30. Nf5 dxe4 31. dxe4 Rb6 32. Rad1 Rc6 33. Rh4 Kh7 34. Rg4 Ne6 35. Rd7 Rd8 36. Rb7 Rxc2 37. Qa7 Rdd2 38. Rxf7 Rxf2+ 39. Kg1 Rg2+ 40. Kh1 Rh2+ 41. Kg1 Rcg2+ 42. Kf1 Rf2+ 1/2-1/2

[Event "GER-ch 89th"]
[Site "Dresden"]
[Date "2018.08.05"]
[Round "3"]
[White "Plassmann, Dominik"]
[Black "Svane, Frederik"]
[Result "1/2-1/2"]
[WhiteElo "2186"]
[BlackElo "2292"]
[EventDate "2018.08.03"]
[PlyCount "74"]

1. e4 c5 2. d4 cxd4 3. c3 dxc3 4. Nxc3 Nc6 5. Nf3 e6 6. Bc4 a6 7. O-O b5 8. Bb3 Nge7 9. Bg5 f6 10. Be3 Na5 11. Nd4 Nxb3 12. Qxb3 Nc6 13. Rad1 Nxd4 14. Bxd4 Bb7 15. f4 Qc7 16. Rc1 Rc8 17. Ne2 Qb8 18. f5 e5 19. Be3 Bxe4 20. Ng3 Bc6 21. Qd1 Qb7 22. Qh5+ Kd8 23. Rfd1 Kc7 24. Rxc6+ Qxc6 25. Rc1 Qxc1+ 26. Bxc1 Bc5+ 27. Kf1 Rhd8 28. Qf7 Kb8 29. Qd5 Bd4 30. Bd2 Rc2 31. Ba5 Rdc8 32. Qd6+ Kb7 33. Qxd7+ Kb8 34. Qd6+ Ka7 35. Qd7+ Kb8 36. Qd6+ Ka7 37. Qd7+ Kb8 1/2-1/2

[Event "GER-ch 89th"]
[Site "Dresden"]
[Date "2018.08.05"]
[Round "3"]
[White "Poetsch, Hagen"]
[Black "Miller, Eduard"]
[Result "1-0"]
[WhiteElo "2513"]
[BlackElo "2309"]
[EventDate "2018.08.03"]
[PlyCount "89"]

1. e4 e5 2. Nf3 Nc6 3. Bb5 Nf6 4. d3 Bc5 5. Bxc6 dxc6 6. Nbd2 Qe7 7. Nc4 Ng4 8. O-O b5 9. Na5 Bb6 10. Qe1 Qd6 11. h3 Nf6 12. Qc3 c5 13. Nb3 O-O 14. a4 c4 15. a5 b4 16. Qxe5 Qxe5 17. Nxe5 cxb3 18. axb6 cxb6 19. cxb3 Be6 20. Bd2 a5 21. Be3 Bxb3 22. Bxb6 Ra6 23. Bc5 Re8 24. Nf3 Bc2 25. Ne1 b3 26. f3 Nd7 27. Bd4 Rd6 28. Bc3 Bxd3 29. Nxd3 Rxd3 30. Rxa5 Rb8 31. Kf2 f6 32. Ke2 Rd6 33. Rd1 Rxd1 34. Kxd1 Kf7 35. Ke2 Nf8 36. f4 Rb7 37. Kd3 Ne6 38. f5 Nf4+ 39. Ke3 Nxg2+ 40. Kf3 Nh4+ 41. Kg3 g5 42. Ra6 Rd7 43. Rxf6+ Ke7 44. Kg4 Rd1 45. Kxg5 1-0

[Event "GER-ch 89th"]
[Site "Dresden"]
[Date "2018.08.05"]
[Round "3"]
[White "Reuker, Jari"]
[Black "Syrov, Arkadi"]
[Result "1-0"]
[WhiteElo "2404"]
[BlackElo "2295"]
[EventDate "2018.08.03"]
[PlyCount "53"]

1. d4 Nf6 2. c4 g6 3. Nc3 Bg7 4. e4 d6 5. h3 O-O 6. Be3 c5 7. Nf3 Qa5 8. Bd3 Nfd7 9. O-O Nc6 10. Be2 cxd4 11. Nxd4 Nxd4 12. Bxd4 Bxd4 13. Qxd4 Qc5 14. Qd2 Ne5 15. Nd5 Re8 16. b4 Qc6 17. f4 Nd7 18. Qd4 b6 19. f5 e6 20. fxe6 fxe6 21. Qf2 Kh8 22. Qh4 g5 23. Qh6 Kg8 24. Rf7 Kxf7 25. Qxh7+ Kf8 26. Rf1+ Nf6 27. Rxf6# 1-0

[Event "GER-ch 89th"]
[Site "Dresden"]
[Date "2018.08.05"]
[Round "3"]
[White "Zude, Arno"]
[Black "Gungl, Theo"]
[Result "0-1"]
[WhiteElo "2373"]
[BlackElo "2283"]
[EventDate "2018.08.03"]
[PlyCount "188"]

1. e4 c5 2. Nf3 d6 3. d4 cxd4 4. Nxd4 Nf6 5. Nc3 a6 6. f3 e6 7. Be3 b5 8. Qd2 Bb7 9. g4 Nfd7 10. O-O-O Nb6 11. Nb3 N8d7 12. Na5 Rb8 13. Bf4 Nc8 14. Ne2 Ba8 15. Nd4 Qc7 16. Bg3 Be7 17. Kb1 Ne5 18. h4 O-O 19. g5 Nb6 20. Bh3 Na4 21. Be1 b4 22. Ndb3 Nxf3 23. Qe2 Ne5 24. Rd4 Nc5 25. Bg2 Nxb3 26. Nxb3 a5 27. Qa6 Rb6 28. Qxa5 Nc6 29. Rc4 Qb7 30. Rxc6 Qxc6 31. Bf2 Rb5 32. Qa7 Rb7 33. Na5 Rxa7 34. Nxc6 Rc7 35. Nxe7+ Rxe7 36. Rd1 Rd7 37. Bc5 Rb8 38. Rd2 d5 39. e5 Rc8 40. Bd4 Bc6 41. b3 Bb5 42. Kb2 Rdc7 43. Rf2 Rc6 44. Bf3 Ra6 45. Bh5 g6 46. Bd1 Rca8 47. Rf4 Rxa2+ 48. Kb1 R2a6 49. h5 Rc6 50. Bb2 Rac8 51. h6 Ba6 52. Rxb4 Bf1 53. Rd4 Bh3 54. Rd2 Bf5 55. Bd4 Be4 56. Kb2 Ra8 57. Be2 Rb8 58. c3 Rc7 59. b4 Rcb7 60. Kb3 Ra8 61. b5 Kf8 62. Kb4 Ra1 63. Kc5 Ke7 64. Kc6 Rd7 65. b6 Kd8 66. Rb2 Ra8 67. Kc5 Rc8+ 68. Kb5 Ra8 69. Kb4 Rb7 70. Bf1 Bf3 71. Bb5 Rab8 72. Kc5 Rxb6 73. Rb4 Kc7 74. Be3 Be4 75. Bd4 Bd3 76. Ba4 Bc4 77. Be3 Rxb4 78. cxb4 Ra8 79. Bc6 Ra3 80. Bd4 Rg3 81. Be8 Rxg5 82. Bxf7 Kd7 83. b5 Rh5 84. b6 Ba6 85. Be3 Rxe5 86. Bd4 Rh5 87. Bg7 Ke7 88. Bg8 Rh4 89. b7 Bxb7 90. Kb6 Bc8 91. Kc7 Ba6 92. Bxh7 Kf7 93. Kd6 Bd3 94. Ke5 Bf5 0-1

[Event "GER-ch 89th"]
[Site "Dresden"]
[Date "2018.08.06"]
[Round "4"]
[White "Colpe, Malte"]
[Black "Plassmann, Dominik"]
[Result "1-0"]
[WhiteElo "2384"]
[BlackElo "2186"]
[EventDate "2018.08.03"]
[PlyCount "49"]

1. d4 e6 2. Nf3 f5 3. g3 Nf6 4. Bg2 d5 5. O-O Bd6 6. c4 c6 7. Nc3 O-O 8. Qc2 Bd7 9. Ne5 Be8 10. Bf4 Nh5 11. Qb3 Nxf4 12. gxf4 Nd7 13. cxd5 Bxe5 14. dxe6 Qe7 15. fxe5 Nb6 16. a4 Rd8 17. a5 Nc8 18. Rad1 Bh5 19. d5 cxd5 20. Nxd5 Qxe6 21. Nf6+ Kf7 22. Qxe6+ Kxe6 23. Nxh5 g6 24. Nf4+ Kxe5 25. Nd3+ 1-0

[Event "GER-ch 89th"]
[Site "Dresden"]
[Date "2018.08.06"]
[Round "4"]
[White "Fischer, Sebastian"]
[Black "Mueller, Nick"]
[Result "0-1"]
[WhiteElo "2292"]
[BlackElo "2313"]
[EventDate "2018.08.03"]
[PlyCount "132"]

1. d4 Nf6 2. Nf3 c5 3. d5 b5 4. Bg5 Qb6 5. Bxf6 Qxf6 6. c3 g6 7. Nbd2 Qb6 8. a4 Bg7 9. axb5 Qxb5 10. Qc2 d6 11. Nc4 O-O 12. e4 Qb7 13. Bd3 Qc7 14. O-O e6 15. Ne3 Nd7 16. Bb5 Nf6 17. Bc4 e5 18. Rfe1 Qe7 19. Ba6 Bd7 20. b4 cxb4 21. cxb4 Rfb8 22. Reb1 Ne8 23. Ra5 Qd8 24. Bd3 Rxb4 25. Rba1 Qb8 26. Nc4 Bb5 27. Qc3 Bxc4 28. Bxc4 Rb1+ 29. Bf1 Rxa1 30. Rxa1 Nf6 31. Bd3 Nxd5 32. Qa5 Nb6 33. Rb1 Qc8 34. Qa2 Bh6 35. h3 Kg7 36. Qb2 Nd7 37. Qa3 Qc5 38. Qa6 Rb8 39. Qa2 Rxb1+ 40. Qxb1 a5 41. Qa2 Nf6 42. g3 Be3 43. Kg2 Bc1 44. Bb1 h6 45. Qb3 Qb4 46. Qxb4 axb4 47. Bc2 Nd7 48. Ne1 Nc5 49. Nd3 b3 50. Bb1 Ba3 51. Nxc5 dxc5 52. Bd3 Kf8 53. Kf1 b2 54. Ke2 c4 55. Bb1 Bc5 56. f4 Bd4 57. Kd2 Ke7 58. f5 Kd6 59. fxg6 fxg6 60. Ke2 Kc5 61. Kd2 Kb4 62. Kc2 Ka3 63. g4 g5 64. Kd1 Kb3 65. Kd2 Bg1 66. Ke1 c3 0-1

[Event "GER-ch 89th"]
[Site "Dresden"]
[Date "2018.08.06"]
[Round "4"]
[White "Miller, Eduard"]
[Black "Gaede, Derek"]
[Result "1-0"]
[WhiteElo "2309"]
[BlackElo "2298"]
[EventDate "2018.08.03"]
[PlyCount "83"]

1. Nf3 Nf6 2. g3 d5 3. Bg2 Bf5 4. O-O c6 5. d3 e6 6. Nh4 Bg4 7. h3 Bh5 8. Qe1 Be7 9. f4 Nfd7 10. Nf3 f5 11. e4 O-O 12. Kh2 Na6 13. Nd4 Nc7 14. Nc3 Kh8 15. b3 Bf6 16. e5 Be7 17. a4 Bc5 18. Nce2 Qe7 19. c3 a5 20. Nc2 b5 21. Ned4 Ra6 22. axb5 cxb5 23. Rxa5 Rxa5 24. Nc6 Ra2 25. Nxe7 Rxc2 26. g4 Bxe7 27. gxh5 Ra8 28. Be3 Raa2 29. Rf2 Nc5 30. Bxc5 Bxc5 31. Rxc2 Rxc2 32. Qh4 h6 33. Qd8+ Kh7 34. Qxc7 Be3 35. Kg3 Bf2+ 36. Kf3 d4 37. Qf7 dxc3 38. Qxe6 Be1 39. Qxf5+ Kh8 40. e6 Rf2+ 41. Ke3 Rxg2 42. e7 1-0

[Event "GER-ch 89th"]
[Site "Dresden"]
[Date "2018.08.06"]
[Round "4"]
[White "Rehberg, Raphael"]
[Black "Brustkern, Juergen"]
[Result "0-1"]
[WhiteElo "2234"]
[BlackElo "2219"]
[EventDate "2018.08.03"]
[PlyCount "52"]

1. e4 d5 2. exd5 Qxd5 3. Nc3 Qa5 4. d4 Nf6 5. Bc4 c6 6. Qe2 Bf5 7. Bd2 Qc7 8. O-O-O e6 9. h3 Bb4 10. g4 Bg6 11. Nf3 Nbd7 12. Ne5 Bxc3 13. Bxc3 Nxe5 14. dxe5 Nd5 15. Bd2 O-O-O 16. f4 h5 17. Qf3 f5 18. Qa3 Kb8 19. Bd3 c5 20. c4 Nb4 21. Bxb4 cxb4 22. Qb3 hxg4 23. hxg4 Rxh1 24. Rxh1 Qc5 25. gxf5 Qe3+ 26. Kc2 Rxd3 0-1

[Event "GER-ch 89th"]
[Site "Dresden"]
[Date "2018.08.06"]
[Round "4"]
[White "Reuker, Jari"]
[Black "Gschnitzer, Adrian"]
[Result "1/2-1/2"]
[WhiteElo "2404"]
[BlackElo "2333"]
[EventDate "2018.08.03"]
[PlyCount "100"]

1. d4 Nf6 2. c4 c5 3. d5 b5 4. cxb5 a6 5. bxa6 g6 6. Nc3 Bg7 7. e4 O-O 8. Nf3 Qa5 9. Bd2 Bxa6 10. Be2 Bxe2 11. Qxe2 Qa6 12. a4 e6 13. dxe6 dxe6 14. Nb5 Nc6 15. Bc3 Rfb8 16. Nc7 Qxe2+ 17. Kxe2 Ra7 18. Nb5 Rd7 19. Rhd1 Rxd1 20. Rxd1 Nxe4 21. Bxg7 Kxg7 22. Rd7 Ra8 23. Rc7 Nb4 24. b3 Nd5 25. Rb7 c4 26. bxc4 Nc5 27. Ra7 Rxa7 28. Nxa7 Nc3+ 29. Ke3 N3xa4 30. Nd2 f6 31. f4 Kf7 32. Kd4 h6 33. Nc8 Nd7 34. Ne4 f5 35. Ned6+ Kf6 36. Ne8+ Kf7 37. Nc7 Ndc5 38. g3 Kf6 39. Nd6 Nb3+ 40. Kd3 Nbc5+ 41. Ke3 g5 42. Ncb5 e5 43. Ne8+ Ke7 44. Nec7 exf4+ 45. gxf4 gxf4+ 46. Kxf4 Nb6 47. Kxf5 Nxc4 48. Kg6 Ne5+ 49. Kxh6 Ng4+ 50. Kg5 Nxh2 1/2-1/2

[Event "GER-ch 89th"]
[Site "Dresden"]
[Date "2018.08.06"]
[Round "4"]
[White "Svane, Frederik"]
[Black "Zude, Arno"]
[Result "1-0"]
[WhiteElo "2292"]
[BlackElo "2373"]
[EventDate "2018.08.03"]
[PlyCount "99"]

1. e4 e5 2. Nf3 Nc6 3. Bb5 a6 4. Ba4 Nf6 5. O-O d6 6. d4 Bd7 7. c3 b5 8. Bc2 g6 9. Re1 Bg7 10. Nbd2 O-O 11. h3 Re8 12. Nf1 a5 13. a4 b4 14. d5 Nb8 15. cxb4 axb4 16. Be3 Na6 17. N1d2 Nh5 18. Nc4 h6 19. Qd2 g5 20. Bd1 Nf4 21. Rc1 f5 22. exf5 Bxf5 23. Na5 Qf6 24. Nc6 Nd3 25. Rc4 Qf7 26. Bb3 Nac5 27. Bxc5 Nxc5 28. Rxc5 dxc5 29. Nfxe5 Bxe5 30. Nxe5 Qg7 31. d6+ Kh7 32. d7 Rxe5 33. Rxe5 Qxe5 34. d8=Q Rxd8 35. Qxd8 Qg7 36. Qd5 Bg6 37. a5 h5 38. Qxc5 Qxb2 39. Qe7+ Kh6 40. Qf8+ Qg7 41. Qxb4 Qa1+ 42. Kh2 Qe5+ 43. g3 Qf6 44. Qd2 Be4 45. Qe3 Qf3 46. Qxf3 Bxf3 47. a6 h4 48. Be6 Be2 49. Bc8 c5 50. Bb7 1-0

[Event "GER-ch 89th"]
[Site "Dresden"]
[Date "2018.08.06"]
[Round "4"]
[White "Syrov, Arkadi"]
[Black "Adiyaman, Rene"]
[Result "0-1"]
[WhiteElo "2295"]
[BlackElo "2097"]
[EventDate "2018.08.03"]
[PlyCount "42"]

1. Nf3 Nf6 2. c4 c6 3. Nc3 d5 4. e3 e6 5. b3 Nbd7 6. Qc2 a6 7. Bb2 Bd6 8. Rg1 e5 9. cxd5 cxd5 10. g4 d4 11. exd4 exd4 12. Nxd4 Bxh2 13. O-O-O Bxg1 14. Re1+ Kf8 15. Ba3+ Kg8 16. Nf5 g6 17. Bc4 Bxf2 18. Bxf7+ Kxf7 19. Ne4 Nb6 20. Ng5+ Kg8 21. Be7 Bxf5 0-1

[Event "GER-ch 89th"]
[Site "Dresden"]
[Date "2018.08.07"]
[Round "5"]
[White "Adiyaman, Rene"]
[Black "Colpe, Malte"]
[Result "0-1"]
[WhiteElo "2097"]
[BlackElo "2384"]
[EventDate "2018.08.03"]
[PlyCount "90"]

1. e4 e5 2. Nf3 Nc6 3. Bc4 Bc5 4. c3 Nf6 5. d3 O-O 6. Nbd2 d5 7. exd5 Nxd5 8. Ne4 Be7 9. O-O Bg4 10. h3 Bh5 11. Ng3 Bg6 12. Re1 Bf6 13. Ne4 Nb6 14. Bb5 Re8 15. Nc5 Qc8 16. Bg5 Bxg5 17. Nxg5 a6 18. Nxa6 Rxa6 19. Bxa6 bxa6 20. Qf3 Qd7 21. Ne4 Qd5 22. d4 f5 23. Nc5 Qxf3 24. gxf3 a5 25. Kg2 exd4 26. Rxe8+ Bxe8 27. Ne6 dxc3 28. bxc3 Ne5 29. Re1 Nd3 30. Re3 Bf7 31. Nxc7 Nf4+ 32. Kg3 Nh5+ 33. Kh2 Bxa2 34. Re5 Nc4 35. Rxf5 Nf6 36. Rb5 a4 37. Rb7 Nd6 38. Ra7 Bb3 39. Na6 Nb5 40. Ra8+ Kf7 41. Nc5 Bd5 42. Nd3 Bxa8 43. Kg3 Nd6 44. Kf4 Nd7 45. h4 Nc4 0-1

[Event "GER-ch 89th"]
[Site "Dresden"]
[Date "2018.08.07"]
[Round "5"]
[White "Brustkern, Juergen"]
[Black "Fischer, Sebastian"]
[Result "0-1"]
[WhiteElo "2219"]
[BlackElo "2292"]
[EventDate "2018.08.03"]
[PlyCount "54"]

1. e4 d5 2. exd5 Qxd5 3. Nf3 Bg4 4. Be2 Nc6 5. d4 O-O-O 6. c4 Qf5 7. Be3 Bxf3 8. Bxf3 Nxd4 9. Bxd4 Qe6+ 10. Be2 c5 11. O-O Rxd4 12. Qc2 Qe4 13. Qxe4 Rxe4 14. Nc3 Rd4 15. Nb5 Rd2 16. Nxa7+ Kb8 17. Nb5 Rxe2 18. Rfd1 Kc8 19. Rd3 Rxb2 20. Rad1 Rxb5 21. cxb5 Kc7 22. a4 Nf6 23. a5 e6 24. a6 bxa6 25. bxa6 Nd5 26. Rb3 Nb4 27. a7 Be7 0-1

[Event "GER-ch 89th"]
[Site "Dresden"]
[Date "2018.08.07"]
[Round "5"]
[White "Gaede, Derek"]
[Black "Gungl, Theo"]
[Result "1/2-1/2"]
[WhiteElo "2298"]
[BlackElo "2283"]
[EventDate "2018.08.03"]
[PlyCount "80"]

1. d4 d5 2. c4 c6 3. cxd5 cxd5 4. Bf4 Nc6 5. e3 Nf6 6. Nc3 a6 7. Be2 Bf5 8. Nf3 e6 9. Qb3 Ra7 10. O-O Bd6 11. Ne5 Bxe5 12. dxe5 Nd7 13. Qa3 Qe7 14. Qxe7+ Nxe7 15. g4 Bg6 16. Bg3 h5 17. h3 hxg4 18. hxg4 Nc5 19. Rad1 Ne4 20. Nxe4 Bxe4 21. f3 Bc2 22. Rd4 Nc6 23. Rc1 Bg6 24. Rd2 Ra8 25. b4 Ke7 26. a4 Rhc8 27. Rb2 Nd4 28. Rxc8 Nxe2+ 29. Kf2 Rxc8 30. Kxe2 Rc2+ 31. Rxc2 Bxc2 32. a5 Kd7 33. Kd2 Ba4 34. f4 g6 35. Bh4 Bb5 36. Ke1 Ba4 37. Ke2 Bc2 38. Bf6 Be4 39. Kf2 Ke8 40. Kg3 Bc2 1/2-1/2